| 000 | 01817nam a2200517 a 4500 | ||
|---|---|---|---|
| 003 | AR-BaBNM | ||
| 005 | 20251128203536.0 | ||
| 008 | 082120s2002 ||||||||||||||000 | spa|| | ||
| 040 | _cAR-BaBNM | ||
| 100 | 1 | _aLazarsfeld, Paul F. | |
| 245 | 0 | 0 | _aLa sociología en las instituciones |
| 260 |
_aBuenos Aires _bPaidós _bCentro Regional de Ayuda Técnica _c1971 |
||
| 300 | _a263 p. | ||
| 500 | _aContiene referencias bibliográficas al final de cada capítulo | ||
| 500 | _aEsta publicación ha sido preparada conjuntamente por la editorial y el Centro Regional de Ayuda Técnica, Agencia para el Desarrollo Internacional A.I.D., Departamento de Estado del Gobierno de los Estados Unidos de América. El Centro es una organización d | ||
| 610 | 2 | 4 | _aAlianza para el Progreso |
| 650 | 4 | _aEMPRESAS | |
| 650 | 4 | _aADMINISTRACION DE EMPRESAS | |
| 650 | 4 | _aSOCIOLOGIA INDUSTRIAL | |
| 650 | 4 | _aPARTIDOS POLITICOS | |
| 650 | 4 | _aSOCIOLOGIA POLITICA | |
| 650 | 4 | _aPARTICIPACION POLITICA | |
| 650 | 4 | _aELECCIONES | |
| 650 | 4 | _aREPRESENTACION POLITICA | |
| 650 | 4 | _aSOCIOLOGIA DE LA EDUCACION | |
| 650 | 4 | _aESCUELAS | |
| 650 | 4 | _aCONSUMIDORES | |
| 650 | 4 | _aPOLITICA EXTERIOR | |
| 650 | 4 | _aADMINISTRACION PUBLICA | |
| 650 | 4 | _aMILITARISMO | |
| 651 | 4 | _aIsrael | |
| 651 | 4 | _aHolanda | |
| 700 | 1 | _aSewell, William H. | |
| 700 | 1 | _aWilensky, Harold L. | |
| 700 | 1 |
_aAbrams, Mark _ecolaborador |
|
| 700 | 1 |
_aBordua, David J. _ecolaborador |
|
| 700 | 1 |
_aBowers, Raymond V. _ecolaborador |
|
| 700 | 1 |
_aDror, Yehezkel _ecolaborador |
|
| 700 | 1 |
_aGlock, Charles Y. _ecolaborador |
|
| 700 | 1 |
_aJardim, Anne _ecolaborador |
|
| 700 | 1 |
_aDavison, W. Phillips _ecolaborador |
|
| 700 | 1 |
_aZaleznik, Abraham _ecolaborador |
|
| 700 | 1 |
_aJacob, Graciela _erevisión |
|
| 942 | _cBK | ||
| 998 | _csilvi | ||
| 999 |
_c3864 _d3864 |
||